Fundamentals of oral communication / (Record no. 118104)
[ view plain ]
| 000 -LEADER | |
|---|---|
| fixed length control field | 02283cam a22004935a 4500 |
| 001 - CONTROL NUMBER | |
| control field | 15232809 |
| 003 - CONTROL NUMBER IDENTIFIER | |
| control field | ARRUPE |
| 005 - DATE AND TIME OF LATEST TRANSACTION | |
| control field | 20140121020010.0 |
| 008 - FIXED-LENGTH DATA ELEMENTS--GENERAL INFORMATION | |
| fixed length control field | 080325s2007 iaua 000 0 eng d |
| 010 ## - LIBRARY OF CONGRESS CONTROL NUMBER | |
| LC control number | 2008295275 |
| 020 ## - INTERNATIONAL STANDARD BOOK NUMBER | |
| International Standard Book Number | 9780757545344 |
| 020 ## - INTERNATIONAL STANDARD BOOK NUMBER | |
| International Standard Book Number | 0757545343 |
| 035 ## - SYSTEM CONTROL NUMBER | |
| System control number | (OCoLC)ocn174049072 |
| 040 ## - CATALOGING SOURCE | |
| Original cataloging agency | MNW |
| Transcribing agency | MNW |
| Modifying agency | MNW |
| -- | BTCTA |
| -- | BAKER |
| -- | DLC |
| 042 ## - AUTHENTICATION CODE | |
| Authentication code | lccopycat |
| 050 ## - LIBRARY OF CONGRESS CALL NUMBER | |
| Classification number | PN4121 |
| Item number | .399 2007 |
| 300 ## - PHYSICAL DESCRIPTION | |
| Other physical details | ill. ; |
| Dimensions | 23 cm. |
| 100 1# - MAIN ENTRY--PERSONAL NAME | |
| Personal name | Schwartzman, Roy, |
| Dates associated with a name | 1960- |
| 9 (RLIN) | 1497 |
| 245 10 - TITLE STATEMENT | |
| Title | Fundamentals of oral communication / |
| Statement of responsibility, etc | Roy Schwartzman. |
| 260 ## - PUBLICATION, DISTRIBUTION, ETC. (IMPRINT) | |
| Place of publication, distribution, etc | Dubuque, Ia. : |
| Name of publisher, distributor, etc | Kendall Hunt Publishing Co., |
| Date of publication, distribution, etc | 2007. |
| 300 ## - PHYSICAL DESCRIPTION | |
| Extent | viii, 575 p. : |
| 504 ## - BIBLIOGRAPHY, ETC. NOTE | |
| Bibliography, etc | Contains bibliographical references and index. |
| 505 0# - FORMATTED CONTENTS NOTE | |
| Formatted contents note | Foundations of communication -- Confident and competent communication -- Listening -- Verbal Communication -- Nonverbal communication -- Supporting materials and research techniques -- Organization and outlining -- Presentation aids -- Speakers, speeches, and audiences -- Informative presentations -- Persuasive presentations -- Interpersonal relationships -- Managing conversations and conflicts -- Interviewing -- Small group communication -- Group roles and behaviors. |
| 508 ## - CREATION/PRODUCTION CREDITS NOTE | |
| Creation/production credits note | Contributors, Frank Baudino, Bob Bohlken, John Fisher, Ruthann Fox-Hines, Melody Hubbard, Carolyn Johnson, Joe Kreizinger, Kimberly S. Kuny, Lori Mardis, Bayo Oludaja, Sarah G. Park, Connie Jo Ury, Matt Walker, Sarah M. Wilde, Patricia J. Wyatt. |
| 650 #0 - SUBJECT ADDED ENTRY--TOPICAL TERM | |
| Topical term or geographic name as entry element | Oral communication |
| Form subdivision | Textbooks. |
| 9 (RLIN) | 1498 |
| 650 #0 - SUBJECT ADDED ENTRY--TOPICAL TERM | |
| Topical term or geographic name as entry element | Communication |
| Geographic subdivision | United States. |
| 9 (RLIN) | 1499 |
| 700 1# - ADDED ENTRY--PERSONAL NAME | |
| Personal name | Baudino, Frank. |
| 9 (RLIN) | 1500 |
| 700 1# - ADDED ENTRY--PERSONAL NAME | |
| Personal name | Bohlken, Robert L. |
| 9 (RLIN) | 1501 |
| 700 1# - ADDED ENTRY--PERSONAL NAME | |
| Personal name | Fisher, John. |
| 9 (RLIN) | 1502 |
| 700 1# - ADDED ENTRY--PERSONAL NAME | |
| Personal name | Fox-Hines, Ruthann. |
| 9 (RLIN) | 1503 |
| 700 1# - ADDED ENTRY--PERSONAL NAME | |
| Personal name | Hubbard, Melody. |
| 9 (RLIN) | 1504 |
| 700 1# - ADDED ENTRY--PERSONAL NAME | |
| Personal name | Johnson, Carolyn. |
| 9 (RLIN) | 1505 |
| 700 1# - ADDED ENTRY--PERSONAL NAME | |
| Personal name | Kreizinger, Joe. |
| 9 (RLIN) | 1506 |
| 700 1# - ADDED ENTRY--PERSONAL NAME | |
| Personal name | Kuny, Kimberly S. |
| 9 (RLIN) | 1507 |
| 700 1# - ADDED ENTRY--PERSONAL NAME | |
| Personal name | Mardis, Lori. |
| 9 (RLIN) | 1508 |
| 700 1# - ADDED ENTRY--PERSONAL NAME | |
| Personal name | Oludaja, Bayo. |
| 9 (RLIN) | 1509 |
| 700 1# - ADDED ENTRY--PERSONAL NAME | |
| Personal name | Park, Sarah G. |
| 9 (RLIN) | 1510 |
| 700 1# - ADDED ENTRY--PERSONAL NAME | |
| Personal name | Ury, Connie Jo. |
| 9 (RLIN) | 1511 |
| 700 1# - ADDED ENTRY--PERSONAL NAME | |
| Personal name | Walker, Matt. |
| 9 (RLIN) | 1512 |
| 700 1# - ADDED ENTRY--PERSONAL NAME | |
| Personal name | Wilde, Sarah M. |
| 9 (RLIN) | 1513 |
| 700 1# - ADDED ENTRY--PERSONAL NAME | |
| Personal name | Wyatt, Patricia J. |
| 9 (RLIN) | 1514 |
| 906 ## - LOCAL DATA ELEMENT F, LDF (RLIN) | |
| a | 0 |
| b | ibc |
| c | copycat |
| d | 2 |
| e | ncip |
| f | 20 |
| g | y-gencatlg |
| 942 ## - ADDED ENTRY ELEMENTS (KOHA) | |
| Source of classification or shelving scheme | Library of Congress Classification |
| Koha item type | Monograph ( Printed materials) |
| Koha issues (borrowed), all copies | 4 |
| Withdrawn status | Lost status | Source of classification or shelving scheme | Damaged status | Not for loan | Collection code | Home library | Current library | Shelving location | Date acquired | Total Checkouts | Full call number | Barcode | Date last seen | Date checked out | Price effective from | Koha item type |
|---|---|---|---|---|---|---|---|---|---|---|---|---|---|---|---|---|
| Library of Congress Classification | Main Collection | ARRUPE LIBRARY | ARRUPE LIBRARY | Main Collection | 26/09/2013 | 23 | PN4121 .399 2007 | 46411551 | 12/10/2021 | 27/09/2021 | 26/09/2013 | Monograph ( Printed materials) | ||||
| Library of Congress Classification | Main Collection | ARRUPE LIBRARY | ARRUPE LIBRARY | Main Collection | 26/09/2013 | 5 | PN4121 .399 2007 | 46410628 | 27/03/2019 | 16/02/2018 | 26/09/2013 | Monograph ( Printed materials) |